Statistics for Best Players at the FIFA World Cup

Click here to take the quiz!

General Stats

  • This quiz has been taken 54 times
  • The average score is 22 of 63

Answer Stats

YearBest Player% Correct
2ndRonaldo
95%
1998BestRonaldo
95%
2014BestLionel Messi
95%
2018BestLuka Modrić
93%
2ndPelé
88%
1970BestPelé
88%
2006BestZinedine Zidane
86%
3rdAntoine Griezmann
79%
2002BestOliver Kahn
79%
2ndThomas Müller
74%
3rdGerd Müller
74%
1986BestDiego Maradona
70%
3rdDiego Maradona
70%
2ndEden Hazard
67%
3rdDavid Villa
56%
2ndFranz Beckenbauer
56%
1994BestRomário
53%
1974BestJohan Cruyff
53%
2ndFabio Cannavaro
53%
1954BestFerenc Puskás
51%
2ndRoberto Baggio
44%
3rdArjen Robben
44%
2ndBobby Moore
44%
1982BestPaolo Rossi
42%
3rdEusébio
42%
2ndLothar Matthäus
42%
2ndPaolo Rossi
42%
2010BestDiego Forlán
40%
2ndWesley Sneijder
37%
3rdJust Fontaine
35%
1966BestBobby Charlton
35%
1962BestGarrincha
33%
2ndDavor Šuker
30%
1978BestMario Kempes
30%
3rdAndrea Pirlo
28%
3rdKarl-Heinz Rummenigge
23%
3rdHristo Stoichkov
21%
3rdLilian Thuram
19%
2ndSandór Kocsis
16%
1990BestSalvatore Schillaci
14%
1958BestDidi
12%
1938BestLeônidas
9%
2ndSilvio Piola
7%
2ndGuillermo Stábile
7%
3rdLeonel Sánchez
7%
2ndJosef Masopust
7%
2ndFalcão
7%
3rdFritz Walter
5%
3rdOldřich Nejedlý
2%
3rdGyörgy Sárosi
2%
3rdAdemir
2%
1930BestJosé Nasazzi
2%
3rdPreben Elkjær Larsen
2%
2ndJuan Alberto Schiaffino
2%
2ndGérson
2%
3rdDirceu
0%
3rdKazimierz Deyna
0%
3rdHong Myung-bo
0%
2ndMatthias Sindelar
0%
1934BestGiuseppe Meazza
0%
2ndHarald Schumacher
0%
1950BestZizinho
0%
3rdJosé Leandro Andrade
0%

Score Distribution

Percentile by Number Answered

Percent of People with Each Score

Your Score History

You have not taken this quiz